FinTech & Institutions

Guardat en:
Dades bibliogràfiques
Autor principal: John Hill
Format: Llibre
Publicat: Elsevier
Matèries:
Etiquetes: Afegir etiqueta
Sense etiquetes, Sigues el primer a etiquetar aquest registre!

MARC

LEADER 00000nam a2200000Ia 4500
005 20260427112658.0
526 |b FinTech 
100 |a John Hill 
020 |a 9780443366512 
650 |a FinTech 
526 |a Masters 
942 |c BK 
245 |a FinTech & Institutions 
260 |b Elsevier 
999 |c 51  |d 51 
952 |0 0  |1 0  |4 0  |7 0  |8 3  |a BRISTOL  |b BRISTOL  |d 2026-04-22  |l 0  |p 000094  |r 2026-04-27 11:26:58  |w 2026-04-27  |y BK